[Event "World Chess Olympiad 2018"]
[Site "Batumi"]
[Date "2018.10.05"]
[Round "11"]
[Board "1"]
[WhiteFideId "15800059"]
[White "Banlock Benjamin Didier"]
[BlackFideId "10500103"]
[Black "Pg Mohd Omar Ak Hira"]
[Result "0-1"]
[LiveChessVersion "1.4.8"]
[BlackElo "2175"]
[WhiteElo "2058"]

1. d4 {[%clk 1:30:54]} Nf6 {[%clk 1:30:16]} 2. Nf3 {[%clk 1:31:17]} g6
{[%clk 1:30:26]} 3. Nc3 {[%clk 1:30:44]} d5 {[%clk 1:29:55]} 4. Bf4
{[%clk 1:31:03]} Bg7 {[%clk 1:27:02]} 5. Nb5 {[%clk 1:31:23]} Na6
{[%clk 1:26:59]} 6. e3 {[%clk 1:31:45]} O-O {[%clk 1:26:33]} 7. Be2
{[%clk 1:30:16]} c6 {[%clk 1:24:42]} 8. Nc3 {[%clk 1:30:35]} Qb6 {[%clk 1:23:13]}
9. Bxa6 {[%clk 1:24:01]} Qxa6 {[%clk 1:21:49]} 10. Qd3 {[%clk 1:24:09]} Qb6
{[%clk 1:20:52]} 11. O-O-O {[%clk 1:16:49]} Bf5 {[%clk 1:18:42]} 12. Qe2
{[%clk 1:09:29]} Rac8 {[%clk 1:14:47]} 13. Kb1 {[%clk 1:08:01]} c5
{[%clk 1:12:30]} 14. Ka1 {[%clk 0:55:05]} cxd4 {[%clk 1:11:42]} 15. Nxd4
{[%clk 0:53:47]} Rxc3 {[%clk 1:09:10]} 16. Nxf5 {[%clk 0:50:05]} gxf5
{[%clk 1:09:25]} 17. Be5 {[%clk 0:37:59]} Rc4 {[%clk 1:08:17]} 18. f3
{[%clk 0:34:17]} Rfc8 {[%clk 1:08:07]} 19. c3 {[%clk 0:33:11]} e6
{[%clk 1:05:21]} 20. h4 {[%clk 0:33:19]} Ra4 {[%clk 1:03:26]} 21. Qc2
{[%clk 0:32:32]} Qa6 {[%clk 1:03:21]} 22. b3 {[%clk 0:29:11]} Ra3
{[%clk 1:00:14]} 23. Kb1 {[%clk 0:29:19]} Nd7 {[%clk 0:55:06]} 24. Bxg7
{[%clk 0:29:21]} Kxg7 {[%clk 0:55:33]} 25. Qb2 {[%clk 0:27:23]} f6
{[%clk 0:53:01]} 26. g4 {[%clk 0:26:30]} fxg4 {[%clk 0:49:13]} 27. fxg4
{[%clk 0:23:10]} Nc5 {[%clk 0:45:30]} 28. g5 {[%clk 0:22:02]} Ne4
{[%clk 0:45:42]} 29. Rc1 {[%clk 0:20:59]} Qd3+ {[%clk 0:44:06]} 30. Ka1
{[%clk 0:20:06]} Ra6 {[%clk 0:41:56]} 31. gxf6+ {[%clk 0:15:26]} Kf7
{[%clk 0:39:12]} 32. c4 {[%clk 0:11:44]} Rcc6 {[%clk 0:36:23]} 33. Qg2
{[%clk 0:07:08]} Nxf6 {[%clk 0:34:16]} 34. Rhg1 {[%clk 0:05:12]} Qg6
{[%clk 0:34:12]} 35. Qf2 {[%clk 0:03:41]} Qh6 {[%clk 0:30:07]} 36. e4
{[%clk 0:01:13]} dxe4 {[%clk 0:26:49]} 37. Rcf1 {[%clk 0:01:17]} e3
{[%clk 0:23:59]} 38. Qg3 {[%clk 0:01:28]} Qg6 {[%clk 0:23:20]} 39. Qb8
{[%clk 0:01:02]} Rxa2+ {[%clk 0:21:41]} 40. Kxa2 {[%clk 0:30:42]} Qc2+
{[%clk 0:51:55]} 41. Ka3 {[%clk 0:30:54]} Ra6+ {[%clk 0:52:08]} 42. Kb4
{[%clk 0:31:14]} Qd2+ {[%clk 0:52:25]} 43. Kc5 {[%clk 0:31:03]} Ra5#
{[%clk 0:52:38]} 0-1

[Event "World Chess Olympiad 2018"]
[Site "Batumi"]
[Date "2018.10.05"]
[Round "11"]
[Board "2"]
[WhiteFideId "10500499"]
[White "Pg Md Omar Ak Hafizon"]
[BlackFideId "16400291"]
[Black "Ebosse Kingue Victor Patrick"]
[Result "1/2-1/2"]
[LiveChessVersion "1.4.8"]
[BlackElo "2060"]
[WhiteElo "2125"]

1. e4 {[%clk 1:30:59]} c5 {[%clk 1:30:53]} 2. Nf3 {[%clk 1:31:25]} d6
{[%clk 1:31:21]} 3. d4 {[%clk 1:31:51]} cxd4 {[%clk 1:31:45]} 4. Nxd4
{[%clk 1:32:20]} Nf6 {[%clk 1:32:02]} 5. Nc3 {[%clk 1:32:45]} a6 {[%clk 1:32:27]}
6. Be2 {[%clk 1:32:43]} e5 {[%clk 1:32:52]} 7. Nb3 {[%clk 1:33:07]} Be6
{[%clk 1:33:17]} 8. O-O {[%clk 1:28:47]} Be7 {[%clk 1:33:34]} 9. Be3
{[%clk 1:29:05]} Nbd7 {[%clk 1:33:53]} 10. f4 {[%clk 1:29:27]} exf4
{[%clk 1:34:18]} 11. Rxf4 {[%clk 1:29:48]} Rc8 {[%clk 1:33:29]} 12. Nd4
{[%clk 1:22:21]} O-O {[%clk 1:33:49]} 13. Nxe6 {[%clk 1:20:01]} fxe6 14. Bg4
{[%clk 1:20:08]} Nxg4 {[%clk 1:31:35]} 15. Qxg4 {[%clk 1:07:24]} Rxf4
{[%clk 1:31:56]} 16. Bxf4 {[%clk 0:57:52]} Nf8 {[%clk 1:31:13]} 17. Kh1
{[%clk 0:57:08]} Qe8 {[%clk 1:25:30]} 18. Rf1 {[%clk 0:54:14]} Qg6
{[%clk 1:19:52]} 19. Qh3 {[%clk 0:53:51]} Rc5 {[%clk 1:19:11]} 20. Qd3
{[%clk 0:51:31]} Rc6 {[%clk 1:12:31]} 21. Rf3 {[%clk 0:46:20]} Qg4
{[%clk 1:06:20]} 22. h3 {[%clk 0:43:47]} Qh5 {[%clk 1:04:39]} 23. Ne2
{[%clk 0:42:33]} Qc5 {[%clk 0:57:39]} 24. Nd4 {[%clk 0:39:44]} Rc7
{[%clk 0:56:43]} 25. Bg3 {[%clk 0:32:23]} Bf6 {[%clk 0:53:47]} 26. c3
{[%clk 0:27:06]} Rd7 {[%clk 0:40:00]} 27. Rf1 {[%clk 0:21:30]} Qh5
{[%clk 0:37:57]} 28. Qc4 {[%clk 0:19:36]} Qg6 {[%clk 0:26:58]} 29. Kh2
{[%clk 0:18:15]} Qxe4 {[%clk 0:22:34]} 30. Re1 {[%clk 0:16:43]} Qd5
{[%clk 0:22:25]} 31. Qxd5 {[%clk 0:15:09]} exd5 {[%clk 0:22:52]} 32. Nf5
{[%clk 0:15:00]} Be5 {[%clk 0:15:31]} 33. Bxe5 {[%clk 0:14:54]} dxe5
{[%clk 0:16:00]} 34. Rxe5 {[%clk 0:15:13]} Kf7 {[%clk 0:16:22]} 35. Nd4
{[%clk 0:13:49]} Rd6 {[%clk 0:16:12]} 36. Rf5+ {[%clk 0:10:13]} Ke7
{[%clk 0:15:52]} 37. Rg5 {[%clk 0:10:05]} g6 {[%clk 0:16:02]} 38. Re5+
{[%clk 0:08:51]} Kf7 {[%clk 0:15:33]} 39. Nf3 {[%clk 0:07:27]} Nd7
{[%clk 0:14:56]} 40. Re2 {[%clk 0:36:52]} h6 {[%clk 0:43:36]} 41. Kg1
{[%clk 0:34:02]} b5 {[%clk 0:41:45]} 42. Rd2 {[%clk 0:30:46]} Nc5
{[%clk 0:40:28]} 43. Ne5+ {[%clk 0:26:05]} Ke7 {[%clk 0:39:13]} 44. Ng4
{[%clk 0:23:23]} h5 {[%clk 0:37:23]} 45. Ne3 {[%clk 0:23:23]} Ke6
{[%clk 0:37:34]} 46. Kf1 {[%clk 0:22:22]} Ne4 {[%clk 0:37:21]} 47. Rd4
{[%clk 0:22:24]} Ke5 {[%clk 0:37:02]} 48. Ke2 {[%clk 0:21:30]} a5
{[%clk 0:36:44]} 49. a3 {[%clk 0:21:46]} Ng5 {[%clk 0:35:18]} 50. Rd1
{[%clk 0:15:30]} Ne6 {[%clk 0:35:06]} 51. Nc2 {[%clk 0:14:44]} d4
{[%clk 0:32:52]} 52. cxd4+ {[%clk 0:12:00]} Nxd4+ {[%clk 0:33:12]} 53. Nxd4
{[%clk 0:12:29]} Rxd4 {[%clk 0:33:30]} 54. Rc1 {[%clk 0:12:30]} Rc4
{[%clk 0:32:58]} 55. Rxc4 {[%clk 0:05:47]} bxc4 {[%clk 0:33:09]} 56. h4
{[%clk 0:06:05]} Kf4 {[%clk 0:28:51]} 57. Kd2 {[%clk 0:06:14]} Ke4
{[%clk 0:25:15]} 58. Kc3 {[%clk 0:04:56]} Kd5 {[%clk 0:25:22]} 59. Kc2
{[%clk 0:04:41]} Kc6 {[%clk 0:20:47]} 60. Kd2 {[%clk 0:04:51]} Kc5
{[%clk 0:20:05]} 1/2-1/2

[Event "World Chess Olympiad 2018"]
[Site "Batumi"]
[Date "2018.10.05"]
[Round "11"]
[Board "1"]
[WhiteFideId "409014"]
[White "Kirby Peter J."]
[BlackFideId "12000027"]
[Black "Frick Renato"]
[Result "1/2-1/2"]
[LiveChessVersion "1.4.8"]
[BlackElo "2058"]
[WhiteElo "1988"]

1. Nf3 {[%clk 1:30:57]} e6 {[%clk 1:30:30]} 2. c4 {[%clk 1:31:05]} c5
{[%clk 1:30:22]} 3. g3 {[%clk 1:30:17]} Nf6 {[%clk 1:30:29]} 4. Bg2
{[%clk 1:30:23]} d5 {[%clk 1:30:23]} 5. cxd5 {[%clk 1:30:40]} exd5
{[%clk 1:30:46]} 6. d4 {[%clk 1:30:56]} Nc6 {[%clk 1:30:53]} 7. O-O
{[%clk 1:31:11]} Be6 {[%clk 1:24:06]} 8. Nc3 {[%clk 1:29:44]} Ne4
{[%clk 1:14:59]} 9. Nxe4 {[%clk 1:23:19]} dxe4 {[%clk 1:15:21]} 10. Ng5
{[%clk 1:23:27]} Qxd4 {[%clk 1:01:50]} 11. Nxe6 {[%clk 1:17:40]} fxe6
{[%clk 0:54:26]} 12. Qc2 {[%clk 1:06:41]} O-O-O {[%clk 0:49:50]} 13. Be3
{[%clk 1:04:49]} Qe5 {[%clk 0:42:51]} 14. Bf4 {[%clk 0:57:09]} Nd4
{[%clk 0:41:38]} 15. Bxe5 {[%clk 0:57:34]} Nxc2 {[%clk 0:41:55]} 16. e3
{[%clk 0:51:42]} Nxa1 {[%clk 0:40:07]} 17. Rxa1 {[%clk 0:51:54]} Rd7
{[%clk 0:36:19]} 18. Bxe4 {[%clk 0:49:23]} Bd6 {[%clk 0:35:53]} 19. Bc3
{[%clk 0:49:16]} h5 {[%clk 0:31:01]} 20. h4 {[%clk 0:46:26]} Kc7 {[%clk 0:27:30]}
21. Rc1 {[%clk 0:45:48]} Rhd8 {[%clk 0:25:19]} 22. Bg6 {[%clk 0:44:22]} Rh8
{[%clk 0:25:42]} 23. Be4 {[%clk 0:38:25]} Rhd8 {[%clk 0:23:45]} 24. Bg6
{[%clk 0:38:53]} Rh8 {[%clk 0:23:31]} 1/2-1/2

[Event "World Chess Olympiad 2018"]
[Site "Batumi"]
[Date "2018.10.05"]
[Round "11"]
[Board "2"]
[WhiteFideId "12000108"]
[White "Mannhart Marcel"]
[BlackFideId "10700099"]
[Black "Rowe Peter"]
[Result "1/2-1/2"]
[LiveChessVersion "1.4.8"]
[BlackElo "1951"]
[WhiteElo "2096"]

1. Nc3 {[%clk 1:30:54]} c5 {[%clk 1:30:14]} 2. e4 {[%clk 1:30:30]} Nc6
{[%clk 1:29:52]} 3. Bb5 {[%clk 1:29:47]} e6 {[%clk 1:28:05]} 4. Bxc6
{[%clk 1:29:53]} bxc6 {[%clk 1:27:36]} 5. d3 {[%clk 1:29:56]} Nf6
{[%clk 1:25:27]} 6. Nf3 {[%clk 1:29:12]} Be7 {[%clk 1:22:35]} 7. O-O
{[%clk 1:28:12]} O-O {[%clk 1:21:29]} 8. Qe2 {[%clk 1:25:11]} Ne8
{[%clk 1:17:54]} 9. Re1 {[%clk 1:21:20]} Qc7 {[%clk 1:14:37]} 10. Na4
{[%clk 1:13:01]} e5 {[%clk 1:13:26]} 11. b3 {[%clk 1:10:17]} d6 {[%clk 1:12:55]}
12. h3 {[%clk 1:08:08]} f5 {[%clk 1:08:31]} 13. c4 {[%clk 1:02:06]} f4
{[%clk 1:07:48]} 14. Kh2 {[%clk 0:55:57]} Be6 {[%clk 1:03:10]} 15. Rh1
{[%clk 0:55:23]} Rd8 {[%clk 0:54:49]} 16. Bb2 {[%clk 0:50:01]} h6
{[%clk 0:50:54]} 17. Kg1 {[%clk 0:49:56]} Nf6 {[%clk 0:48:16]} 18. Kf1
{[%clk 0:50:01]} Bf7 {[%clk 0:45:56]} 19. Ke1 {[%clk 0:43:48]} Bh5
{[%clk 0:44:06]} 20. Kd2 {[%clk 0:43:52]} Nh7 {[%clk 0:40:41]} 21. Kc2
{[%clk 0:42:52]} Ng5 {[%clk 0:37:41]} 22. Nc3 {[%clk 0:38:23]} Ne6
{[%clk 0:37:29]} 23. Nb1 {[%clk 0:38:26]} Rf6 {[%clk 0:31:06]} 24. Nbd2
{[%clk 0:37:12]} a5 {[%clk 0:29:12]} 25. Qe1 {[%clk 0:31:41]} Rb8
{[%clk 0:26:58]} 26. Ng1 {[%clk 0:28:51]} a4 {[%clk 0:24:39]} 27. f3
{[%clk 0:28:45]} Nd4+ {[%clk 0:23:30]} 28. Bxd4 {[%clk 0:28:51]} cxd4
{[%clk 0:23:51]} 29. Qc1 {[%clk 0:22:15]} Qa5 {[%clk 0:21:13]} 30. Ne2
{[%clk 0:21:58]} Be8 1/2-1/2

[Event "World Chess Olympiad 2018"]
[Site "Batumi"]
[Date "2018.10.05"]
[Round "11"]
[Board "4"]
[WhiteFideId "14531216"]
[White "Jelic Dejan"]
[BlackFideId "10700200"]
[Black "Bateman Kerry"]
[Result "1-0"]
[LiveChessVersion "1.4.8"]
[BlackElo "1710"]
[WhiteElo "1890"]

1. e4 {[%clk 1:30:57]} c5 {[%clk 1:30:37]} 2. Nf3 {[%clk 1:31:23]} d6
{[%clk 1:30:27]} 3. d4 {[%clk 1:31:48]} cxd4 {[%clk 1:30:52]} 4. Nxd4
{[%clk 1:32:14]} Nf6 {[%clk 1:31:15]} 5. Nc3 {[%clk 1:32:39]} g6 {[%clk 1:31:40]}
6. Be3 {[%clk 1:32:28]} Bg7 {[%clk 1:32:03]} 7. f3 {[%clk 1:32:20]} O-O
{[%clk 1:32:25]} 8. Bc4 {[%clk 1:32:10]} Nc6 {[%clk 1:32:46]} 9. Bb3
{[%clk 1:31:50]} Bd7 {[%clk 1:33:06]} 10. Qd2 {[%clk 1:32:01]} Rc8
{[%clk 1:33:25]} 11. g4 {[%clk 1:31:09]} Ne5 {[%clk 1:33:08]} 12. h4
{[%clk 1:29:20]} Nc4 {[%clk 1:32:45]} 13. Bxc4 {[%clk 1:29:40]} Rxc4
{[%clk 1:33:09]} 14. O-O-O {[%clk 1:29:11]} b5 {[%clk 1:27:28]} 15. h5
{[%clk 1:28:22]} b4 {[%clk 1:27:26]} 16. Nb1 {[%clk 1:27:33]} Qc7
{[%clk 1:21:15]} 17. hxg6 {[%clk 1:18:59]} fxg6 {[%clk 1:21:21]} 18. Bh6
{[%clk 1:16:35]} Nxe4 {[%clk 0:59:24]} 19. Qh2 {[%clk 1:11:51]} Be5
{[%clk 0:57:55]} 20. f4 {[%clk 1:08:47]} Bxd4 {[%clk 0:52:04]} 21. Bxf8
{[%clk 1:00:27]} Be3+ {[%clk 0:51:46]} 22. Nd2 {[%clk 1:00:47]} Rxc2+
{[%clk 0:51:35]} 23. Kb1 {[%clk 1:01:01]} Nxd2+ {[%clk 0:51:42]} 24. Rxd2
{[%clk 1:00:06]} Bxg4 {[%clk 0:42:50]} 25. Qxh7+ {[%clk 0:54:20]} Kxf8
{[%clk 0:42:52]} 26. Qxg6 {[%clk 0:54:01]} Rxb2+ {[%clk 0:39:55]} 27. Rxb2
{[%clk 0:53:18]} Bd4 {[%clk 0:38:24]} 28. Rh7 {[%clk 0:51:24]} Qc4
{[%clk 0:37:09]} 29. Rc2 {[%clk 0:48:18]} Qg8 {[%clk 0:32:04]} 30. Qe4
{[%clk 0:42:05]} Bf6 {[%clk 0:32:02]} 31. Qa8+ 1-0

[Event "World Chess Olympiad 2018"]
[Site "Batumi"]
[Date "2018.10.05"]
[Round "11"]
[Board "1"]
[WhiteFideId "5901871"]
[White "Michaelides Konstantinos"]
[BlackFideId "6100775"]
[Black "Rocha Maximiliano"]
[Result "0-1"]
[LiveChessVersion "1.4.8"]
[BlackElo "2185"]
[WhiteElo "2209"]

1. d4 {[%clk 1:30:57]} Nf6 {[%clk 1:30:21]} 2. c4 {[%clk 1:31:09]} e6
{[%clk 1:30:47]} 3. g3 {[%clk 1:31:15]} d5 {[%clk 1:29:26]} 4. Bg2
{[%clk 1:31:23]} Bb4+ {[%clk 1:26:45]} 5. Bd2 {[%clk 1:31:33]} Be7
{[%clk 1:26:33]} 6. Nf3 {[%clk 1:31:24]} c6 {[%clk 1:26:53]} 7. O-O
{[%clk 1:29:58]} O-O {[%clk 1:27:16]} 8. Qc2 {[%clk 1:30:17]} Ne4
{[%clk 1:27:16]} 9. Ne5 {[%clk 1:26:52]} f5 {[%clk 1:27:37]} 10. f3
{[%clk 1:24:43]} Nd6 {[%clk 1:27:56]} 11. Be3 {[%clk 1:22:47]} Nd7
{[%clk 1:27:18]} 12. c5 {[%clk 1:11:23]} Ne8 {[%clk 1:14:17]} 13. Nxd7
{[%clk 1:06:26]} Bxd7 {[%clk 1:14:34]} 14. Nd2 {[%clk 1:05:21]} Bf6
{[%clk 1:13:28]} 15. Qc3 {[%clk 1:00:50]} Nc7 {[%clk 1:00:40]} 16. a4
{[%clk 0:59:26]} b5 {[%clk 1:00:46]} 17. a5 {[%clk 0:53:14]} b4 {[%clk 0:43:47]}
18. Qxb4 {[%clk 0:52:03]} Rb8 {[%clk 0:41:50]} 19. Qc3 {[%clk 0:48:52]} e5
{[%clk 0:42:09]} 20. dxe5 {[%clk 0:45:25]} Nb5 {[%clk 0:42:28]} 21. Qc2
{[%clk 0:40:39]} Bxe5 {[%clk 0:42:48]} 22. Rad1 {[%clk 0:37:40]} f4
{[%clk 0:37:53]} 23. gxf4 {[%clk 0:35:20]} Nd4 {[%clk 0:29:38]} 24. Qd3
{[%clk 0:29:15]} Bf5 {[%clk 0:29:28]} 25. Ne4 {[%clk 0:28:17]} Rb3
{[%clk 0:27:00]} 26. Qd2 {[%clk 0:28:38]} Rxb2 {[%clk 0:27:23]} 27. Qd3
{[%clk 0:26:01]} Nxe2+ {[%clk 0:27:14]} 28. Kh1 {[%clk 0:25:54]} Nxf4
{[%clk 0:26:29]} 29. Bxf4 {[%clk 0:25:31]} Bxf4 {[%clk 0:26:56]} 30. Qd4
{[%clk 0:14:53]} Qh4 {[%clk 0:25:10]} 31. Qg1 {[%clk 0:10:25]} dxe4
{[%clk 0:24:26]} 32. fxe4 {[%clk 0:10:07]} Bxe4 {[%clk 0:24:17]} 33. Rxf4
{[%clk 0:09:40]} Qxf4 {[%clk 0:24:32]} 0-1

[Event "World Chess Olympiad 2018"]
[Site "Batumi"]
[Date "2018.10.05"]
[Round "11"]
[Board "2"]
[WhiteFideId "6100457"]
[White "Alfaro William"]
[BlackFideId "5900328"]
[Black "Constantinou Pavlos"]
[Result "1/2-1/2"]
[LiveChessVersion "1.4.8"]
[BlackElo "2114"]
[WhiteElo "2163"]

1. d4 {[%clk 1:27:20]} Nf6 {[%clk 1:30:41]} 2. c4 {[%clk 1:27:22]} e6
{[%clk 1:30:57]} 3. Nf3 {[%clk 1:27:47]} d5 {[%clk 1:31:12]} 4. Nc3
{[%clk 1:28:01]} Be7 {[%clk 1:30:30]} 5. Bg5 {[%clk 1:28:21]} O-O
{[%clk 1:30:32]} 6. e3 {[%clk 1:27:17]} Nbd7 {[%clk 1:28:30]} 7. Rc1
{[%clk 1:24:14]} b6 {[%clk 1:17:49]} 8. cxd5 {[%clk 1:19:56]} exd5
{[%clk 1:17:36]} 9. Bd3 {[%clk 1:15:45]} Bb7 {[%clk 1:17:16]} 10. Qe2
{[%clk 1:16:06]} Ne4 {[%clk 1:12:45]} 11. Bxe7 {[%clk 1:14:10]} Qxe7
{[%clk 1:13:07]} 12. Ba6 {[%clk 1:13:25]} Nxc3 {[%clk 1:04:57]} 13. Rxc3
{[%clk 1:10:28]} Bxa6 {[%clk 1:04:24]} 14. Qxa6 {[%clk 1:10:54]} c5
{[%clk 1:00:32]} 15. O-O {[%clk 1:10:58]} Rfc8 {[%clk 0:52:40]} 16. Rfc1
{[%clk 1:10:33]} Rc7 {[%clk 0:52:06]} 17. h3 {[%clk 1:03:19]} Rac8
{[%clk 0:49:48]} 18. R3c2 {[%clk 0:57:56]} c4 {[%clk 0:42:17]} 19. Nd2
{[%clk 0:47:18]} Qb4 {[%clk 0:36:37]} 20. Nb1 {[%clk 0:42:36]} Nb8
{[%clk 0:34:38]} 21. Qa3 {[%clk 0:43:00]} Nc6 {[%clk 0:30:07]} 22. Nc3
{[%clk 0:42:12]} Qxa3 {[%clk 0:29:27]} 23. bxa3 {[%clk 0:42:40]} Ne7
{[%clk 0:24:05]} 24. Rb2 {[%clk 0:42:53]} Rb8 {[%clk 0:22:15]} 25. Rcb1
{[%clk 0:38:25]} f6 {[%clk 0:19:07]} 26. a4 {[%clk 0:37:15]} Kf7 {[%clk 0:19:12]}
27. a5 {[%clk 0:31:24]} Rcb7 {[%clk 0:15:03]} 28. a4 {[%clk 0:31:23]} Ke6
{[%clk 0:14:15]} 29. a6 {[%clk 0:29:44]} Rd7 {[%clk 0:12:06]} 30. a5
{[%clk 0:28:59]} Nc8 {[%clk 0:12:15]} 31. Na4 {[%clk 0:27:33]} Ra8
{[%clk 0:11:53]} 32. Kf1 {[%clk 0:24:12]} 1/2-1/2

[Event "World Chess Olympiad 2018"]
[Site "Batumi"]
[Date "2018.10.05"]
[Round "11"]
[Board "4"]
[WhiteFideId "6100511"]
[White "Espinoza Jose"]
[BlackFideId "5902355"]
[Black "Damianou Ioannis"]
[Result "1-0"]
[LiveChessVersion "1.4.8"]
[BlackElo "2008"]
[WhiteElo "2129"]

1. e4 {[%clk 1:30:55]} c5 {[%clk 1:30:51]} 2. Nf3 {[%clk 1:31:20]} e6
{[%clk 1:31:12]} 3. d4 {[%clk 1:30:53]} cxd4 {[%clk 1:31:34]} 4. Nxd4
{[%clk 1:31:16]} Nc6 {[%clk 1:31:41]} 5. Nc3 {[%clk 1:29:30]} Qc7
{[%clk 1:31:19]} 6. Be3 {[%clk 1:26:43]} a6 {[%clk 1:31:39]} 7. Be2
{[%clk 1:25:01]} Nf6 {[%clk 1:30:04]} 8. O-O {[%clk 1:22:23]} Bb4
{[%clk 1:29:49]} 9. Na4 {[%clk 1:15:36]} O-O {[%clk 1:29:05]} 10. Nxc6
{[%clk 1:09:53]} bxc6 {[%clk 1:29:18]} 11. Qd4 {[%clk 1:09:21]} Rb8
{[%clk 1:12:22]} 12. Rfd1 {[%clk 1:01:02]} e5 {[%clk 1:03:45]} 13. Qc4
{[%clk 0:52:09]} Qa5 {[%clk 1:01:03]} 14. Nc3 {[%clk 0:52:04]} d5
{[%clk 0:56:06]} 15. exd5 {[%clk 0:48:17]} Bxc3 {[%clk 0:56:20]} 16. bxc3
{[%clk 0:46:58]} cxd5 {[%clk 0:56:02]} 17. Qc5 {[%clk 0:47:09]} Qa4
{[%clk 0:49:50]} 18. Qd6 {[%clk 0:44:52]} Bf5 {[%clk 0:49:19]} 19. Qxe5
{[%clk 0:40:49]} Bxc2 {[%clk 0:48:38]} 20. Rd4 {[%clk 0:30:34]} Qa3
{[%clk 0:47:35]} 21. Rf4 {[%clk 0:27:49]} Rfe8 {[%clk 0:40:13]} 22. Qd4
{[%clk 0:23:12]} Re6 {[%clk 0:35:24]} 23. c4 {[%clk 0:20:44]} dxc4
{[%clk 0:34:54]} 24. Bxc4 {[%clk 0:20:57]} Rd6 {[%clk 0:35:17]} 25. Bxf7+
{[%clk 0:17:45]} Kxf7 {[%clk 0:34:23]} 26. Qc4+ {[%clk 0:18:12]} Kg6
{[%clk 0:33:49]} 27. Qxc2+ {[%clk 0:18:07]} Qd3 {[%clk 0:34:11]} 28. Qxd3+
{[%clk 0:17:48]} Rxd3 {[%clk 0:34:39]} 29. Ra4 {[%clk 0:17:48]} Rbd8
{[%clk 0:34:26]} 30. h3 {[%clk 0:16:29]} Rd1+ {[%clk 0:30:58]} 31. Rxd1
{[%clk 0:16:45]} Rxd1+ {[%clk 0:31:25]} 32. Kh2 {[%clk 0:16:53]} Rd6
{[%clk 0:31:48]} 33. Kg3 {[%clk 0:16:56]} Kf7 {[%clk 0:28:04]} 34. Kf3
{[%clk 0:15:31]} Rc6 {[%clk 0:28:10]} 35. Rb4 {[%clk 0:13:07]} Rc2
{[%clk 0:26:05]} 36. Ra4 {[%clk 0:10:33]} Rc6 {[%clk 0:25:42]} 37. Ra5
{[%clk 0:10:39]} Ke6 {[%clk 0:20:47]} 38. Rc5 {[%clk 0:06:16]} Rd6
{[%clk 0:19:20]} 39. Rc7 {[%clk 0:05:31]} Nd7 {[%clk 0:17:42]} 40. Ra7
{[%clk 0:35:09]} Rc6 {[%clk 0:45:19]} 41. Bd4 {[%clk 0:32:30]} g6
{[%clk 0:42:21]} 42. Ke4 {[%clk 0:28:22]} Rd6 {[%clk 0:41:13]} 43. a4
{[%clk 0:22:53]} Nf6+ {[%clk 0:40:13]} 44. Bxf6 {[%clk 0:22:12]} Kxf6
{[%clk 0:40:42]} 45. Rxh7 {[%clk 0:18:46]} Rd2 {[%clk 0:40:56]} 46. Ra7
{[%clk 0:18:37]} Rxf2 {[%clk 0:41:02]} 47. Rxa6+ {[%clk 0:18:55]} Kg7
{[%clk 0:40:38]} 48. g3 {[%clk 0:18:37]} Ra2 {[%clk 0:40:20]} 49. h4
{[%clk 0:17:29]} Ra3 {[%clk 0:39:24]} 50. Kf4 {[%clk 0:12:02]} g5+
{[%clk 0:38:55]} 51. hxg5 {[%clk 0:11:45]} Ra1 {[%clk 0:39:16]} 52. Kg4
{[%clk 0:11:29]} Ra2 {[%clk 0:39:27]} 53. g6 {[%clk 0:11:03]} Ra1
{[%clk 0:37:06]} 54. Kg5 {[%clk 0:10:42]} Ra2 {[%clk 0:37:30]} 55. Ra7+
{[%clk 0:11:04]} Kg8 {[%clk 0:37:50]} 56. a5 {[%clk 0:11:20]} Ra3
{[%clk 0:37:46]} 57. Kh6 {[%clk 0:10:01]} 1-0

[Event "World Chess Olympiad 2018"]
[Site "Batumi"]
[Date "2018.10.05"]
[Round "11"]
[Board "1"]
[WhiteFideId "16100212"]
[White "Ali Abdullahi Farah"]
[BlackFideId "19800029"]
[Black "Traore Bakary"]
[Result "0-1"]
[LiveChessVersion "1.4.8"]
[BlackElo "2169"]
[WhiteElo "2000"]

1. d4 {[%clk 1:30:59]} Nf6 {[%clk 1:30:50]} 2. c4 {[%clk 1:31:28]} g6
{[%clk 1:30:23]} 3. Nc3 {[%clk 1:31:57]} Bg7 {[%clk 1:30:47]} 4. e4
{[%clk 1:32:13]} d6 {[%clk 1:31:13]} 5. f3 {[%clk 1:32:39]} O-O {[%clk 1:30:44]}
6. Be3 {[%clk 1:33:06]} e5 {[%clk 1:30:50]} 7. d5 {[%clk 1:33:34]} Ne8
{[%clk 1:23:53]} 8. g4 {[%clk 1:31:16]} f5 {[%clk 1:23:46]} 9. gxf5
{[%clk 1:24:18]} gxf5 {[%clk 1:24:05]} 10. exf5 {[%clk 1:23:30]} Bxf5
{[%clk 1:24:11]} 11. Bd3 {[%clk 1:23:17]} Qh4+ {[%clk 1:23:16]} 12. Bf2
{[%clk 1:19:54]} Qh5 {[%clk 1:21:03]} 13. Ne4 {[%clk 1:19:56]} Bxe4
{[%clk 1:20:46]} 14. Bxe4 {[%clk 1:20:20]} Nd7 {[%clk 1:20:30]} 15. Ne2
{[%clk 1:19:45]} Nc5 {[%clk 1:18:42]} 16. Ng3 {[%clk 1:19:36]} Qh3
{[%clk 1:18:50]} 17. Bc2 {[%clk 1:17:30]} e4 {[%clk 1:17:32]} 18. Nxe4
{[%clk 1:13:59]} Nxe4 {[%clk 1:15:14]} 19. Bxe4 {[%clk 1:14:07]} Nf6
{[%clk 1:14:00]} 20. Bd3 {[%clk 1:07:08]} Rae8+ {[%clk 1:11:00]} 21. Kd2
{[%clk 1:06:22]} Ng4 {[%clk 1:05:22]} 22. Bg3 {[%clk 1:01:25]} Qh6+
{[%clk 1:01:09]} 0-1